000
00316nam a2200145Ia 4500
100
_a
Omura/ George.
942
_c
BK
366
_f
15
654
_a
Mastering Autocad 14
245
_a
Mastering Autocad 14
260
_b
B.P.B.Publications
_a
New Delhi
_c
1997
082
_a
6.6
300
_a
1276
546
_a
ENGLISH
999
_c
31029
_d
31029